Quelques noms de lieux très longs - Statistiques

Statistiques générales
  • Ce quiz a été pris 38 fois
  • Le résultat moyen est 3 sur 12
Statistiques - réponses
Description du lieu Nom du lieu % Correct
Un état constitué d'un groupe de petites îles des Caraïbes (27 lettres). Saint-Vincent-et-les-Grenadines
81%
Le nom d'état le plus long (42 lettres). Royaume-Uni de Grande-Bretagne et d'Irlande du Nord
38%
Ville française, chef-lieu de canton de la Marne (39 lettres). Saint-Remy-en-Bouzemont-Saint-Genest-et-Isson
31%
Lac du Massachusetts, aux États-Unis (45 lettres). Chargoggagogg­manchauggagogg­chaubunagungamaugg
25%
Ville du Pays de Galles (58 lettres). Llanfairpwllgwyngyllgogerychwyrndrobwllllantysiliogogogoch
25%
Village mexicain dans l'État de Michoacán (22 lettres). Parangaricutirimícuaro
25%
Le nom de lieu le plus long en Galice (20 lettres). Santiago de Compostela
25%
Un hameau aux Pays-Bas (39 lettres). Gasselternijveenschemond Eerste Dwarsdiep
19%
Nom local complet de la ville de Bangkok (163 lettres). Krung Thep Mahanakhon Amon Rattanakosin Mahinthara Ayutthaya Mahadilok Phop Noppharat Ratchathani Burirom Udomratchaniwet Mahasathan Amon Piman Awatan Sathit Sakkathattiya Witsanukam Prasit
19%
Colline de Nouvelle-Zélande (85 lettres). Taumata­whakatangihanga­koauau­o­tamatea­turi­pukaka­piki­maungah­oronuku­pokai­whenuaki­tanatahu
19%
Un hameau aux Pays-Bas (40 lettres). Gasselternijveenschemond Tweede Dwarsdiep
13%
Nom d'une gare au Pays de Galles (68 lettres). Gorsafawddacha'idraigodanheddogleddollônpenrhynareurdraethceredigion
13%
Aucun quiz correspondant
Distribution des résultats
% des personnes avec chaque résultat
Percentile par nombre de réponses
Votre historique - résultats
Vous n’avez pas pris ce quiz